| 000 | 00544nam a22001817a 4500 | ||
|---|---|---|---|
| 005 | 20251108170745.0 | ||
| 008 | 250721s1997 xx 000 0 ara d | ||
| 082 | 1 | 4 | _aم/214.5/دني |
| 100 | 1 | _aإبن أبي الدنيا، أبو بكر عبد الله ..... الأموي | |
| 245 | 1 | 0 | _aكتاب المختضرين / |
| 264 | 1 |
_aبيروت : _bدار ابن حزم، _c1997. |
|
| 300 | _a366ص | ||
| 650 | 1 | 7 | _aالموت |
| 650 | 1 | 7 | _aالعقيدة الدينية |
| 650 | 1 | 7 | _aالإسلام |
| 942 |
_2ddc _cREF |
||
| 999 |
_c48260 _d48260 |
||